000 01468cam a2200301 i 4500
003 SA-RiAUC
005 20250902081348.0
008 250830s1999 ua g 00000 ara c
040 _aSA-RiKSU
_bara
_cSA-RiAUC
_erda
043 _aa-su---
082 0 4 _a915.31
_qSA-RiAUC
090 _a915.31
_b ج م ع
100 1 _aجمعة، محمد لطفي،
_d1886-1953
_eمؤلف.
245 1 2 _aالأيام المبرورة في البقاع المقدسة :
_bرحلة الحج والزيارة إلى الأراضي الحجازية في عهد الملك عبد العزيز آل سعود /
_cمحمد لطفي جمعة ؛ مراجعة رابح لطفي جمعة.
264 1 _aالقاهرة :
_bعالم الكتب،
_c1999
300 _a268 صفحة ؛
_c24 سم
336 _aنص
_btxt
_2rdacontent
_3كتاب
337 _aبدون وسيط
_bn
_2rdamedia
338 _aمجلد
_bnc
_2rdacarrier
600 1 7 _aابن سعود، عبد العزيز بن عبد الرحمن بن فيصل،
_cملك السعودية،
_d1293-1373 هجري
_2aucnm
650 7 _aالحج
_2aucsh
651 7 _aالحجاز (السعودية)
_xوصف ورحلات
_2aucsh
651 7 _aالسعودية
_xوصف ورحلات
_2aucsh
651 7 _aالسعودية
_xتاريخ
_yعبد العزيز بن عبد الرحمن، 1319-1373 هجري.
_2aucsh
700 1 _aجمعة، رابح لطفي
_eمراجع.
942 _2ddc
_cBOOK
_n0
949 _aSA-JeALM
_d250830
_umohamedma123
_n1
999 _c11368
_d11368